000 00848cam a2200229 4500
001 WB3616-64
008 000000n2000 000 0 eng u
035 _a(Sirsi) u105574
245 _aElectronic rating appeals
260 _c2000
490 _aValuation Office Press Release
_v(4410) 18 April 2000(2)
520 _aThe Valuation Office Agency and professional rating institutions including the RICS, are to work together to develop standard formats to enable rating agents to serve batches of appeals against the 1995 and 2000 rating lists by e-mail.
590 _aWB
650 _aVALUATION OFFICE AGENCY
650 _aRICS
650 _aE-MAIL
650 _aRATING APPEALS
650 0 _aINSTITUTE OF REVENUES RATING AND VALUATION
650 _aRATING SURVEYORS ASSOCIATION
690 _aRATING AND LOCAL TAXATION
942 _n0
999 _c63259
_d63259